[Event "Rhein Main op-B 18th"]
[Site "Bad Homburg"]
[Date "2015.06.06"]
[Round "5"]
[White "Wiesebach, Mark"]
[Black "Hapke, Marvin"]
[Result "0-1"]
[WhiteElo "991"]
[BlackElo "1233"]
[PlyCount "72"]
[EventDate "2015.06.03"]
[EventType "swiss"]
[EventRounds "7"]
[EventCountry "GER"]
[SourceTitle "CBM 167 Extra"]
[Source "ChessBase"]
[SourceDate "2015.09.14"]
[SourceVersion "1"]
[SourceVersionDate "2015.09.14"]
[SourceQuality "1"]

1. d4 d5 2. Bf4 c6 3. e3 Bf5 4. c3 e6 5. Nf3 Bd6 6. Bg3 Nf6 7. Bd3 Bg4 8. Qc2 Bxf3 9. gxf3 Qc7 10. Nd2 Nbd7 11. 0-0-0 e5 12. Kb1 exd4 13. cxd4 a5 14. e4 dxe4 15. Nxe4 Bxg3 16. fxg3 0-0 17. Nxf6+ Nxf6 18. g4 h6 19. h4 g6 20. g5 Nd5 21. Rde1 Nb4 22. Qd2 h5 23. Be4 a4 24. Qxb4 f5 25. Qc4+ Kh7 26. Bd3 a3 27. b3 b5 28. Qb4 Qg3 29. Be2 Rfe8 30. Qc3 Qg2 31. Qc5 Qg3 32. Qc2 Re3 33. Rhg1 Qf2 34. Qxc6 Rxe2 35. Rxe2 Qxe2 36. Qxa8 Qb2# 0-1

[Event "Rhein Main op-B 18th"]
[Site "Bad Homburg"]
[Date "2015.06.05"]
[Round "4"]
[White "Pyshny, Anton"]
[Black "Wiesebach, Mark"]
[Result "1-0"]
[WhiteElo "1310"]
[BlackElo "991"]
[PlyCount "105"]
[EventDate "2015.06.03"]
[EventType "swiss"]
[EventRounds "7"]
[EventCountry "GER"]
[SourceTitle "CBM 167 Extra"]
[Source "ChessBase"]
[SourceDate "2015.09.14"]
[SourceVersion "1"]
[SourceVersionDate "2015.09.14"]
[SourceQuality "1"]

1. e4 c6 2. d4 d5 3. exd5 cxd5 4. Be3 Bf5 5. Bd3 Bxd3 6. Qxd3 e6 7. Nf3 Nc6 8. 0-0 Nf6 9. Nbd2 Bd6 10. a3 0-0 11. Nb3 Ne4 12. Nfd2 Nxd2 13. Nxd2 Ne7 14. Rac1 Nf5 15. c4 Nxe3 16. fxe3 Rc8 17. c5 Be7 18. b4 b6 19. c6 Qd6 20. Qb5 Bd8 21. Nf3 Ra8 22. Rc3 a6 23. Qd3 Bc7 24. g3 f5 25. Ne5 g6 26. Nd7 Rf7 27. Ne5 Re7 28. Nd7 a5 29. b5 g5 30. a4 f4 31. exf4 gxf4 32. Rxf4 Rg7 33. Nf6+ Kh8 34. Rh4 Qe7 35. Rh6 Rf8 36. Nd7 Rf5 37. Qe3 Rg6 38. Rxg6 hxg6 39. Qh6+ Qh7 40. Qxh7+ Kxh7 41. Kg2 Kh6 42. Rf3 Kg5 43. Rxf5+ exf5 44. Kf3 f4 45. h4+ Kf5 46. g4+ Ke6 47. Nf8+ Kf7 48. Nh7 Kg7 49. Ng5 Bb8 50. Ne6+ Kf6 51. Nxf4 g5 52. hxg5+ Kxg5 53. Nxd5 1-0

[Event "Rhein Main op-B 17th"]
[Site "Bad Homburg"]
[Date "2014.06.21"]
[Round "6"]
[White "Lehmann, Nils"]
[Black "Wiesebach, Mark"]
[Result "1-0"]
[WhiteElo "1014"]
[BlackElo "791"]
[PlyCount "49"]
[EventDate "2014.06.18"]
[EventType "swiss"]
[EventRounds "9"]
[EventCountry "GER"]
[SourceTitle "CBM 161 Extra"]
[Source "ChessBase"]
[SourceDate "2014.08.29"]
[SourceVersion "1"]
[SourceVersionDate "2014.08.29"]
[SourceQuality "1"]

1. e4 c6 2. d4 d5 3. Nc3 dxe4 4. Nxe4 Bf5 5. Ng3 Bg6 6. Nf3 e6 7. Bf4 Bd6 8. Be3 Nf6 9. Be2 Nbd7 10. 0-0 Ne4 11. Bd3 Nxg3 12. fxg3 Qf6 13. Bg5 Qxg5 14. Nxg5 Nf6 15. Bxg6 hxg6 16. Qe1 e5 17. dxe5 Bc5+ 18. Kh1 Nd5 19. Nxf7 Rf8 20. Nd6+ Kd7 21. h3 Ne3 22. Rf7+ Rxf7 23. Nxf7 Nxc2 24. Qd2+ Nd4 25. Re1 1-0